Zábavná kniha o sexu /
Uložené v:
| Hlavní autori: | , , |
|---|---|
| Ďalší autori: | |
| Médium: | Kniha |
| Jazyk: | Czech German |
| Vydané: |
Praha :
Grada Publishing,
2017.
|
| Vydanie: | První české vydání |
| Témy: | |
| ISBN: |
9788027106035 (viaz.) |
| Fyzický popis: |
92 strán : ilustrácie ; 22 cm. |
| Tagy: |
Pridať tag
Žiadne tagy, Buďte prvý kto otaguje tento záznam!
|
Titul je dostupný aj v ... 

MARC
| LEADER | 00000nam a2200000 i 4500 | ||
|---|---|---|---|
| 001 | 000568430 | ||
| 005 | 20180124084613.0 | ||
| 008 | 171009s2017 xr a e 000 h cze d | ||
| 020 | |a 9788027106035 (viaz.) | ||
| 040 | |a SVKKK |b slo |c SVKKK |e AACR2 | ||
| 041 | 1 | |a cze |h ger | |
| 044 | |a xr |c CZ | ||
| 072 | 7 | |a 613 |x Hygiena. Ľudské zdravie |2 konspekt | |
| 080 | |a 613.88 |2 2011 | ||
| 080 | |a 82-7 |2 2011 | ||
| 080 | |a (0:82-36) |2 2011 | ||
| 080 | |a (0:82-84) |2 2011 | ||
| 100 | 1 | |a Gitzinger, Peter, |d 1967- |4 aut | |
| 240 | 1 | 0 | |a Böse Buch über Sex. |l Česky |
| 245 | 1 | 0 | |a Zábavná kniha o sexu / |c Peter Gitzinger, Linus Höke, Roger Schmelzer ; ilustroval Ari Plikat ; [překlad Dan Helekal]. |
| 246 | 3 | 0 | |a O sexu |
| 250 | |a První české vydání | ||
| 260 | |a Praha : |b Grada Publishing, |c 2017. | ||
| 300 | |a 92 strán : |b ilustrácie ; |c 22 cm. | ||
| 500 | |a Preložené z nemčiny | ||
| 650 | 0 | 7 | |a sex |x humor |2 SVKKKPH |
| 655 | 7 | |a anekdoty |2 SVKKKPH | |
| 655 | 7 | |a aforizmy |2 SVKKKPH | |
| 700 | 1 | |a Höke, Linus, |d 1961- |4 aut | |
| 700 | 1 | |a Schmelzer, Roger, |d 1966- |4 aut | |
| 700 | 1 | |a Helekal, Daniel |4 trl | |
| 910 | |a svkkk | ||
| 919 | |a 978-80-271-0603-5 | ||
| 998 | |a BK | ||
| 090 | |g SCKHL |k Sklad Hlavná 10 prízemie |a III.241334 |j 1085504 |i 2720500244 |s Absenčne | ||